NFL Offensive Starters 2018 - Statistics

General Stats
  • This quiz has been taken 3,844 times
  • The average score is 69 of 128
Answer Stats
Team Position Player % Correct
Chargers WR Keenan Allen
86%
Patriots QB Tom Brady
86%
Bengals QB Andy Dalton
84%
Giants QB Eli Manning
84%
Chiefs QB Patrick Mahomes
84%
49ers QB Jimmy Garoppolo
83%
Falcons WR Julio Jones
83%
Packers QB Aaron Rodgers
82%
Cowboys QB Dak Prescott
82%
Lions WR Marvin Jones Jr.
82%
Steelers WR Antonio Brown
81%
Saints QB Drew Brees
81%
Falcons QB Matt Ryan
81%
Chargers QB Phillip Rivers
81%
Seahawks QB Russell Wilson
81%
Bills WR Zay Jones
81%
Redskins QB Alex Smith
80%
Panthers QB Cam Newton
80%
Ravens QB Joe Flacco
80%
Ravens WR John Brown
80%
Colts QB Andrew Luck
79%
Rams QB Jared Goff
79%
Lions QB Matthew Stafford
79%
Eagles QB Nick Foles
79%
Panthers WR Torrey Smith
79%
Steelers QB Ben Roethlisberger
78%
Raiders QB Derek Carr
78%
Chiefs WR Tyreek Hill
78%
Broncos WR Demaryius Thomas
77%
Cowboys RB Ezekiel Elliot
77%
Saints WR Michael Thomas
77%
Dolphins QB Ryan Tannehill
76%
Bengals WR A.J. Green
74%
Texans QB Deshaun Watson
74%
Vikings QB Kirk Cousins
74%
Bears QB Mitchell Trubisky
74%
Giants WR Odell Beckham Jr.
72%
Jaguars QB Blake Bortles
71%
Cardinals RB David Johnson
70%
Browns QB Tyrod Taylor
70%
Saints RB Alvin Kamara
69%
Vikings RB Dalvin Cook
69%
Packers WR Davante Adams
69%
Lions RB Kerryon Johnson
69%
Rams RB Todd Gurley
69%
Buccaneers QB Ryan Fitzpatrick
68%
Raiders WR Amari Cooper
66%
Texans WR DeAndre Hopkins
66%
Giants RB Saquon Barkley
66%
Titans QB Marcus Mariota
65%
Packers RB Jamaal Williams
64%
Colts WR T.Y. Hilton
64%
Chargers WR Tyrell Williams
64%
Cardinals WR Chad Williams
63%
Titans RB Derrick Henry
63%
Buccaneers WR DeSean Jackson
63%
Vikings WR Stefon Diggs
63%
Cowboys WR Terrance Williams
63%
Bengals RB Joe Mixon
62%
Buccaneers WR Mike Evans
62%
Vikings WR Adam Thielen
61%
Panthers RB Christian McCaffrey
61%
Chargers RB Melvin Gordon
60%
Bears WR Allen Robinson
59%
Chiefs RB Kareem Hunt
59%
Jets QB Sam Darnold
59%
Raiders RB Marshawn Lynch
58%
Falcons RB Devonta Freeman
57%
Patriots RB James White
57%
Broncos RB Royce Freeman
57%
Browns WR Jarvis Landry
56%
Seahawks WR Tyler Lockett
56%
Jaguars RB Leonard Fournette
55%
Cardinals WR Larry Fitzgerald
54%
Broncos WR Emmanuel Sanders
53%
Bills RB LeSean McCoy
53%
Steelers RB James Conner
52%
Seahawks RB Chris Carson
49%
Steelers WR JuJu Smith-Schuster
49%
Seahawks WR Doug Baldwin
47%
Broncos QB Case Keenum
46%
Rams WR Robert Woods
46%
Chiefs WR Sammy Watkins
46%
Rams WR Brandin Cooks
44%
Packers WR Randall Cobb
44%
Bears RB Jordan Howard
42%
Bengals WR Tyler Boyd
42%
Lions WR Golden Tate
41%
Eagles RB Jay Ajayi
41%
Colts RB Marlon Mack
40%
Redskins RB Adrian Peterson
39%
Jets WR Robby Anderson
39%
Raiders WR Jordy Nelson
37%
Texans RB Lamar Miller
37%
Giants WR Sterling Shepard
35%
Falcons WR Mohamed Sanu
34%
Titans WR Corey Davis
33%
Ravens WR Michael Crabtree
33%
Texans WR Will Fuller V
32%
Browns RB Carlos Hyde
30%
Bills QB Nathan Peterman
30%
Cardinals QB Sam Bradford
30%
Eagles WR Nelson Agholor
29%
Dolphins WR DeVante Parker
28%
Jaguars WR Keelan Cole
28%
49ers WR Marquise Goodwin
28%
Bills WR Kelvin Benjamin
27%
Dolphins RB Kenyan Drake
27%
Patriots WR Chris Hogan
24%
49ers WR Pierre Garcon
24%
Cowboys WR Allen Hurns
23%
Saints WR Ted Ginn Jr.
23%
49ers RB Matt Breida
22%
Dolphins WR Kenny Stills
21%
Jets RB Isaiah Crowell
19%
Bears WR Taylor Gabriel
18%
Redskins WR Jamison Crowder
17%
Buccaneers RB Peyton Barber
17%
Ravens RB Alex Collins
16%
Panthers WR Devin Funchess
16%
Patriots WR Phillip Dorsett
12%
Titans WR Rishard Matthews
12%
Jets WR Jermaine Kearse
11%
Browns WR Antonio Callaway
9%
Jaguars WR Donte Moncrief
9%
Redskins WR Josh Doctson
9%
Eagles WR Mike Wallace
9%
Colts WR Ryan Grant
7%
No matching quizzes found
Score Distribution
Percent of People with Each Score
Percentile by Number Answered
Your Score History
You have not taken this quiz